| 000 | 00336nam a22001457a 4500 | ||
|---|---|---|---|
| 020 | _qP.B | ||
| 040 | _cFIZZA ISHAQ | ||
| 082 |
_a005.13 _bRAV |
||
| 100 |
_aSETHI, R. _955379 |
||
| 245 |
_aPROGRAMMING LANGUAGES / _cRAVI SETHI |
||
| 250 | _a4TH ED. | ||
| 260 |
_aNEW DEHLI : _bPEARSON, _c2004. |
||
| 300 | _a879 P. ; | ||
| 942 |
_2ddc _cBK |
||
| 999 |
_c566230 _d566230 |
||